Asi cantan los niños del mundo: folklore latinoamericano y canciones del mundo

Guardat en:
Dades bibliogràfiques
Autor principal: Pahlen, Kurt (autor)
Format: Llibre
Idioma:espanyol
Publicat: Buenos Aires Kapelusz 1971
Matèries:
Etiquetes: Afegir etiqueta
Sense etiquetes, Sigues el primer a etiquetar aquest registre!

MARC

LEADER 00000nam a2200000 a 4500
001 UCW5424
003 CL-VaPUC
008 910418e19710000AG |||||||||||||||||spa|d
082 0 4 |a 372.873  |b PAH  |2 21 
100 |a Pahlen, Kurt  |e autor  |9 496136 
245 1 0 |a Asi cantan los niños del mundo: folklore latinoamericano y canciones del mundo 
300 |a 42 p 
942 |c BK 
945 |d 19910418 00:00:00 
260 |a Buenos Aires  |b Kapelusz  |c 1971 
650 0 |a Canciones infantiles  |9 307627 
650 7 |a MUSICA PARA JARDINES INFANTILES  |2 CL-VaPUC  |9 309606 
650 7 |a CANCIONES ESCOLARES  |2 CL-VaPUC  |9 309605 
583 |a last modification  |c 19910418 00:00:00  |k Rodrigo Vera 
999 |c 218865  |d 218863 
952 |0 0  |1 0  |4 0  |6 372_873000000000000_PAH_1971  |7 0  |8 P  |9 209100  |a BIBEDU  |b BIBEDU  |c BIBEDU_PB  |d 2019-11-15  |i 2769085  |o 372.873 PAH 1971  |p 2769085  |r 2024-01-25  |w 2019-11-15  |y BK  |k EDU 
952 |0 0  |1 0  |4 0  |6 372_873000000000000_PAH_1971  |7 0  |8 A  |9 209101  |a BIBEDU  |b BIBEDU  |d 2019-11-15  |i 1233408  |o 372.873 PAH 1971  |p 1233408  |r 2023-01-12  |w 2019-11-15  |y BK  |k MUS